Statistics for Popular Serbian and Croatian Male Names

Click here to take the quiz!

General Stats

  • This quiz has been taken 106 times
  • The average score is 6 of 15

Answer Stats

Hint Answer % Correct
1Marko
78%
2Ivan
77%
15Nikola
62%
12Jovan
56%
5Milan
47%
11Aleksandar
45%
6Petar
44%
13Nemanja
34%
3Filip
32%
14Dusan
26%
4Dejan
26%
7Josip
25%
9Miroslav
14%
10Bogdan
14%
8Karlo
11%

Score Distribution

Percentile by Number Answered

Percent of People with Each Score

Your Score History

You have not taken this quiz